LEADER 00975nam a2200241 i 4500 001 000000236760 003 CaOOAMICUS 005 20141210000000.0 008 141210s1971 it u000 u ita u 013 $a215665 040 $aSeMil$bita 100 1 $aLenin, Vladimir Il?i?,$d<1870-1924>.$0(OLS)http://semarc/name/14277 245 10$aQuaderni sull'Imperialismo /$cV. I. Lenin ; a cura di Giuseppe Garritano. 260 $aRoma :$bEditori Riuniti,$c1971. 300 $aXI, 823 p. ;$c22 cm. 490 0 $aBiblioteca del pensiero moderno 700 1 $aGarritano, Giuseppe.$0(OLS)http://semarc/name/15637 830 0$aBiblioteca del pensiero moderno.$0(OLS)http://semarc/title/7065 850 $aSeMil 852 $aSeMil$W1$xVenegono$y1$m3N I 189$j187106$B187106$CSeMilBibl$Z2$F197933 $81 961 $aOmaggio: Altro 996 $6245$aQuaderni sull'Imperialismo$9(OLS)http://semarc/title/337387 996 $6260$aRoma :$bEditori Riuniti$9(OLS)http://semarc/publisher/30240 LEADER 00888nam a2200217 i 4500 001 000000205952 003 CaOOAMICUS 005 20110909000000.0 008 110909s1956 it u000 u ita u 013 $a184698 040 $aSeMil$bita 100 1 $aRonga, Luigi <1901-1983>.$0(OLS)http://semarc/name/18084 245 10$aArte e gusto nella musica :$bdall'ars nova a Debussy /$cLuigi Ronga. 260 $aMilano ; Napoli :$bRiccardo Ricciardi,$c1956. 300 $a427 p. ;$c23 cm. 650 4$aMusica - Storia.$0(OLS)http://semarc/subject/563 850 $aSeMil 852 $aSeMil$W1$xVenegono$y1$m3Q IV 18$j156435$B156435$CSeMilBibl$Z2$F168195 $81 961 $aLascito: Barbarisi Gennaro 996 $6245$aArte e gusto nella musica :$bdall'ars nova a Debussy$9(OLS)http://semarc/title/298005 996 $6260$aMilano ; Napoli :$bRiccardo Ricciardi$9(OLS)http://semarc/publisher/34184